The Evalution of the performance of computer systems

Guardat en:
Dades bibliogràfiques
Autor principal: Organisation for Economic Co-operation and Development
Format: Llibre
Idioma:Undetermined
Publicat: Paris Organisation for Economic Co-operation and Development 1974
Matèries:
Etiquetes: Afegir etiqueta
Sense etiquetes, Sigues el primer a etiquetar aquest registre!
Thư viện lưu trữ: Trung tâm Học liệu Trường Đại học Cần Thơ
LEADER 00642nam a2200193Ia 4500
001 CTU_86616
008 210402s9999 xx 000 0 und d
082 |a 350 
082 |b O.68 
100 |a Organisation for Economic Co-operation and Development 
245 4 |a The Evalution of the performance of computer systems 
245 0 |c Organisation for Economic Co-operation and Development 
260 |a Paris 
260 |b Organisation for Economic Co-operation and Development 
260 |c 1974 
650 |a Public administration 
650 |x Data processing 
904 |i Năm 
980 |a Trung tâm Học liệu Trường Đại học Cần Thơ